Two plays for Puritans /

Bibliographic Details
Main Author: Shaw, Bernard, 1856-1950
Other Authors: Him, George, 1900-1982
Format: Book
Language:English
Published: New York : Heritage Press, [1966]

MARC

Tag First Indicator Second Indicator Subfields
LEADER 00000cam a22000001 4500
001 in00000021529
005 20151007063630.0
008 740502s1966 nyua 00000 eng
010 |a  67003323  
035 |a (OCoLC)01129150 
035 |9 AAD7860AM 
040 |a DLC  |c DLC  |d TXA  |d UtOrBLW 
049 |a TXAM  |c [477181] 
050 1 0 |a PR5363  |b .A5 1966 
092 |a 822  |b S534tw 
100 1 |a Shaw, Bernard,  |d 1856-1950. 
245 1 0 |a Two plays for Puritans /  |c Drawings by George Him. 
264 1 |a New York :  |b Heritage Press,  |c [1966] 
264 4 |c [©1966] 
300 |a xxxiii, 215 pages :  |b illustrations (part color) ;  |c 30 cm. 
336 |a text  |b txt  |2 rdacontent 
337 |a unmediated  |b n  |2 rdamedia 
338 |a volume  |b nc  |2 rdacarrier 
505 0 |a Preface.--The devil's disciple.--Caesar and Cleopatra.--Notes. 
700 1 2 |a Shaw, Bernard,  |d 1856-1950.  |t Devil's disciple. 
700 1 2 |a Shaw, Bernard,  |d 1856-1950.  |t Caesar and Cleopatra. 
700 1 |a Him, George,  |d 1900-1982. 
999 |a MARS 
999 f f |s 714c722f-5d80-36dd-9917-3b1d651e7eb9  |i 025de6a0-dde9-367f-9fd4-7d7d5a56a98a  |t 0 
952 f f |p normal  |a Texas A&M University  |b College Station  |c Sterling C. Evans Library  |d Evans: Library Stacks  |t 0  |e PR5363 .A5 1966  |h Library of Congress classification  |i unmediated -- volume  |m A14801300125 
952 f f |p ric  |a Texas A&M University  |b Rellis Campus  |c Joint Library Facility  |d Remote Storage  |t 0  |e PR5363 .A5 1966  |h Library of Congress classification  |i unmediated -- volume  |m A14826952743 
998 f f |a PR5363 .A5 1966  |t 0  |l Remote Storage 
998 f f |a PR5363 .A5 1966  |t 0  |l Evans: Library Stacks